Mastering MATLAB 7 / (Record no. 8722)

MARC details
000 -LEADER
fixed length control field 01071nac a22003131i 4500
003 - CONTROL NUMBER IDENTIFIER
control field EG-ScBUE
005 - DATE AND TIME OF LATEST TRANSACTION
control field 20241118110414.0
008 - FIXED-LENGTH DATA ELEMENTS--GENERAL INFORMATION
fixed length control field 241118t2005 njua f 001 0 eng d
020 ## - INTERNATIONAL STANDARD BOOK NUMBER
International Standard Book Number 0131857142
020 ## - INTERNATIONAL STANDARD BOOK NUMBER
International Standard Book Number 9780131857148
035 ## - SYSTEM CONTROL NUMBER
System control number (OCoLC)ocm57134002
040 ## - CATALOGING SOURCE
Original cataloging agency EG-ScBUE
Language of cataloging eng
Description conventions rda
Transcribing agency EG-ScBUE
Modifying agency EG-ScBUE
082 04 - DEWEY DECIMAL CLASSIFICATION NUMBER
Classification number 519.4
Item number HAN
Edition number 22
100 1# - MAIN ENTRY--PERSONAL NAME
Personal name Hanselman, Duane C.,
Relator term author.
245 10 - TITLE STATEMENT
Title Mastering MATLAB 7 /
Statement of responsibility, etc Duane Hanselman, Bruce Littlefield, Depatment of Electrical and Computer Engineering, University of Maine.
246 3# - VARYING FORM OF TITLE
Title proper/short title Mastering MATLAB seven
250 ## - EDITION STATEMENT
Edition statement International edition.
264 #1 - PUBLICATION, DISTRIBUTION, ETC. (IMPRINT)
Place of publication, distribution, etc Upper Saddle River, NJ :
Name of publisher, distributor, etc Pearson/Prentice Hall,
Date of publication, distribution, etc [2005]
264 #4 - PUBLICATION, DISTRIBUTION, ETC. (IMPRINT)
Date of publication, distribution, etc c2005
300 ## - PHYSICAL DESCRIPTION
Extent xi, 852 pages :
Other physical details illustrations ;
Dimensions 24 cm
336 ## - CONTENT TYPE
Source rdacontent
Content type term text
Content type code txt
337 ## - MEDIA TYPE
Media type term unmediated
Source rdamedia
Media type code n
338 ## - CARRIER TYPE
Carrier type term volume
Carrier type code nc
Source rdacarrier
500 ## - GENERAL NOTE
General note Includes index.
650 #7 - SUBJECT ADDED ENTRY--TOPICAL TERM
Topical term or geographic name as entry element Numerical analysis
General subdivision Data processing.
Source of heading or term BUEsh
655 ## - INDEX TERM--GENRE/FORM
Form subdivision Reading book
700 1# - ADDED ENTRY--PERSONAL NAME
Personal name Littlefield, Bruce,
Relator term author.
942 ## - ADDED ENTRY ELEMENTS (KOHA)
Koha item type Book - Borrowing
Source of classification or shelving scheme Dewey Decimal Classification
Holdings
Withdrawn status Lost status Source of classification or shelving scheme Damaged status Not for loan Collection code Home library Current library Shelving location Date acquired Source of acquisition Total Checkouts Total Renewals Full call number Barcode Date last seen Date checked out Price effective from Koha item type
    Dewey Decimal Classification     Baccah Central Library Central Library First floor 18/03/2008 Purchase 8 10 519.4 HAN 000010471 15/07/2025 13/11/2017 18/03/2008 Book - Borrowing
    Dewey Decimal Classification     Baccah Central Library Central Library First floor 18/03/2008 Purchase 1   519.4 HAN 000010446 15/07/2025 04/11/2010 18/03/2008 NB - Book (Non borrowing)